Strategic management :concepts and cases / (Record no. 3123)

000 -LEADER
fixed length control field 00976cam a2200301 a 4500
001 - CONTROL NUMBER
control field 12694142
003 - CONTROL NUMBER IDENTIFIER
control field OSt
005 - DATE AND TIME OF LATEST TRANSACTION
control field 20160915124316.0
008 - FIXED-LENGTH DATA ELEMENTS--GENERAL INFORMATION
fixed length control field 020306s2003 mauab b 001 0 eng
010 ## - LIBRARY OF CONGRESS CONTROL NUMBER
LC control number 2002103316
020 ## - INTERNATIONAL STANDARD BOOK NUMBER
International Standard Book Number 9780137034994
020 ## - INTERNATIONAL STANDARD BOOK NUMBER
International Standard Book Number 0071121323 (International ed.)
035 ## - SYSTEM CONTROL NUMBER
System control number (DLC) 2002103316
040 ## - CATALOGING SOURCE
Original cataloging agency DLC
Transcribing agency DLC
Modifying agency DLC
050 00 - LIBRARY OF CONGRESS CALL NUMBER
Classification number HB171.5.D38 2011
082 00 - DEWEY DECIMAL CLASSIFICATION NUMBER
Classification number 658.4/012
Edition number 21
100 1# - MAIN ENTRY--PERSONAL NAME
Personal name David, Fred R.
Dates associated with a name 1940-
245 10 - TITLE STATEMENT
Title Strategic management :concepts and cases /
Statement of responsibility, etc Fred R. David
250 ## - EDITION STATEMENT
Edition statement 13th ed.
260 ## - PUBLICATION, DISTRIBUTION, ETC. (IMPRINT)
Place of publication, distribution, etc NY:
Name of publisher, distributor, etc Pearson Education
Date of publication, distribution, etc c2011.
300 ## - PHYSICAL DESCRIPTION
Extent (various pagings) :
Other physical details col. ill., maps ;
Dimensions 26 cm.
504 ## - BIBLIOGRAPHY, ETC. NOTE
Bibliography, etc Includes bibliographical references and indexes.
650 #0 - SUBJECT ADDED ENTRY--TOPICAL TERM
Topical term or geographic name as entry element Strategic planning.
650 #0 - SUBJECT ADDED ENTRY--TOPICAL TERM
Topical term or geographic name as entry element Strategic planning
General subdivision Case studies.
906 ## - LOCAL DATA ELEMENT F, LDF (RLIN)
a 7
b cbc
c orignew
d 2
e epcn
f 20
g y-gencatlg
942 ## - ADDED ENTRY ELEMENTS (KOHA)
Source of classification or shelving scheme
Koha item type Book
Holdings
Withdrawn status Lost status Source of classification or shelving scheme Damaged status Not for loan Home library Current library Shelving location Date acquired Total Checkouts Full call number Barcode Date last seen Copy number Price effective from Koha item type
          Riara University Library Riara University Library General stack 02/09/2016   HB171.5.D38 2011 8238/16 02/09/2016 C.1 02/09/2016 Book

Riara University Library,
P.O. Box 49940-00100,
Nairobi, Kenya.